Normal view MARC view

Entry Personal Name

Number of records used in: 1

001 - CONTROL NUMBER

  • control field: 61327

003 - CONTROL NUMBER IDENTIFIER

  • control field: OSt

005 - DATE AND TIME OF LATEST TRANSACTION

  • control field: 20260624153013.0

008 - FIXED-LENGTH DATA ELEMENTS

  • fixed length control field: 260624|| aca||aabn | a|a d

040 ## - CATALOGING SOURCE

  • Original cataloging agency: OSt
  • Transcribing agency: OSt

100 ## - HEADING--PERSONAL NAME

  • Personal name: Singh, Asha and Donald, Nidhin

670 ## - SOURCE DATA FOUND

  • Source citation: Work cat.: (OSt): Singh, Asha and Donald, Nidhin, Caste as a perilous promise? : Thinking with and beyond the Bihar caste survey/Census

Powered by Koha